Dieux égyptiens à Alexandrie sous les Antonins : recherches numismatiques et historiques /

محفوظ في:

المؤلف الرئيسي: Bakhoum, Soheir (مؤلف)

التنسيق: كتاب

اللغة: French

منشور في: Paris : CNRS, 2002.

الموضوعات:

الوسوم: إضافة وسم

لا توجد وسوم, كن أول من يضع وسما على هذه التسجيلة!

رقم الطلب: CJ1073 .A4 B34 2002

LEADER 00896nam a2200253Ia 4500
003 OSt
005 20251106112211.0
008 211223s2002 fr a bc 001 0 fre d
020 |a 2271056594 
040 |c ARCE Library 
050 4 |a CJ1073 .A4 B34 2002 
100 1 |a Bakhoum, Soheir,  |e author 
245 1 0 |a Dieux égyptiens à Alexandrie sous les Antonins :   |b recherches numismatiques et historiques /   |c Soheir Bakhoum ; préface de André Laronde. 
264 1 |a Paris :   |b CNRS,   |c 2002. 
300 |a 254 p. :   |b ill. ;   |c 24 cm. 
504 |a Includes bibliographical references and index. 
650 0 |a Coins, Roman   |z Egypt   |z Alexandria   |v Catalogs. 
650 0 |a Numismatics   |z Egypt   |z Alexandria   |v Catalogs. 
650 0 |a Gods in numismatics. 
650 0 |a Gods, Egyptian, in art. 
651 0 |a Alexandria (Egypt)   |x Antiquities, Roman. 
901 |a reviewed 
942 |2 lcc  |c BK 
999 |c 41236  |d 41236